00485nam a2200145Ia 45000010005000000080041000050200022000460820017000681000024000852450159001092600021002685900007002899010028002969990015003242783241024s9999 xx 000 0 und d a978-9945-074-72-7 aRD/972/IB12s aIbarra Cuesta/Jorge 0aDe Subditos a ciudadanos, siglo XVII-XIX, el proceso de formación de las comunidades criollas del Caribe hispánico (Cuba, Puerto Rico y Santo Domingo) bEd. Búhoc2012 asi a28/1/2013 12:07:19 p.m. c7536d7536